| 000 | 01129aab a2200229 4500 | ||
|---|---|---|---|
| 001 | 768714001 | ||
| 003 | CO-MdFUSB | ||
| 005 | 20240611163918.0 | ||
| 008 | 170512s1995 cr ||||| |||| 00| 0 spa d | ||
| 022 | _a1409-1968 | ||
| 040 |
_aCO-MdFUSB _bspa _cCO-MdFUSB _dCO-MdFUSB |
||
| 041 | _aspa | ||
| 100 | 1 |
_aPinto, Carlos _eautor |
|
| 245 | 1 | 4 |
_aUna perspectiva psico-social pastoral al VIH/Sida _c/ Carlos Pinto |
| 300 |
_aVolumen 12. Número 3 (1995), páginas 44-46 _c: 27 cm. |
||
| 520 | _aUn impacto en el área psicológica y social experimenta la persona que es diagnosticada con el VIH/SIDA y su familia o personas significativas con las que se convive. Es necesario que los profesionales de la salud mental, conjuntamente con los ministros y/o pastores involucrados en consejería pastoral, dialoguen y elaboren una propuesta del cuidado integral, eficaz y requerido para esta situación en particular. | ||
| 653 | _aSIDA | ||
| 653 | _aPerspectiva psico-social pastoral | ||
| 773 | 0 |
_tApuntes Pastorales _049442 _960178 _gVolumen 12. Número 3 (1995), páginas 44-46 _qPágina 44 |
|
| 942 | _cANA | ||
| 945 | _aJTF-925 | ||
| 999 |
_c53328 _d53328 |
||